[Event "Titled Tuesday 2021.11.16"]
[Site "chess.com INT"]
[Date "2021.11.16"]
[Round "3"]
[White "Tomczak, Mikolaj"]
[Black "Preotu, Razvan"]
[Result "1/2-1/2"]
[WhiteElo "2440"]
[BlackElo "2473"]
[WhiteFideId "-1"]
[WhiteFideId "-1"]
[PlyCount "86"]
[GameId "2130307580968502"]
[EventDate "2021.11.16"]
[EventType "k.o. (blitz)"]
[EventRounds "11"]
[EventCountry "NET"]
[SourceTitle "The Week in Chess 1411"]
[Source "Mark Crowther"]
[SourceDate "2021.11.22"]
[SourceVersion "1"]
[SourceVersionDate "2021.11.22"]
[SourceQuality "2"]

1. e4 c5 2. Nf3 d6 3. Bb5+ Nd7 4. d4 cxd4 5. Qxd4 a6 6. Bxd7+ Bxd7 7. c4 Nf6 8. Bg5 e6 9. O-O h6 10. Bh4 Be7 11. e5 dxe5 12. Nxe5 O-O 13. Nxd7 Nxd7 14. Bxe7 Qxe7 15. Nc3 Nf6 16. Rfd1 Rac8 17. b3 b5 18. cxb5 Rfd8 19. Qe3 Rxd1+ 20. Rxd1 Qb4 21. Rc1 axb5 22. h3 Qa3 23. Ne2 Rxc1+ 24. Qxc1 Qxa2 25. Qc8+ Kh7 26. Ng3 Qxb3 27. Qf8 Kg6 28. h4 h5 29. Qc5 Qd1+ 30. Kh2 Ng4+ 31. Kh3 Qd5 32. Qc2+ f5 33. f3 Ne3 34. Qc8 Kh7 35. Qe8 f4 36. Ne4 Qf5+ 37. Kh2 Nf1+ 38. Kg1 Ng3 39. Ng5+ Kh6 40. Qh8+ Kg6 41. Qe8+ Kh6 42. Qh8+ Kg6 43. Qe8+ Kh6 1/2-1/2

[Event "Titled Tuesday 2021.11.16"]
[Site "chess.com INT"]
[Date "2021.11.16"]
[Round "4"]
[White "Preotu, Razvan"]
[Black "Bodnar, Nikolay"]
[Result "0-1"]
[WhiteElo "2473"]
[BlackElo "2438"]
[WhiteFideId "-1"]
[WhiteFideId "-1"]
[PlyCount "170"]
[GameId "2130307580972650"]
[EventDate "2021.11.16"]
[EventType "k.o. (blitz)"]
[EventRounds "11"]
[EventCountry "NET"]
[SourceTitle "The Week in Chess 1411"]
[Source "Mark Crowther"]
[SourceDate "2021.11.22"]
[SourceVersion "1"]
[SourceVersionDate "2021.11.22"]
[SourceQuality "2"]

1. e4 c5 2. Nf3 d6 3. d4 cxd4 4. Nxd4 Nf6 5. Nc3 a6 6. Be2 e5 7. Nb3 Be7 8. O-O O-O 9. Be3 Be6 10. Qd3 Nbd7 11. a4 Rc8 12. Rfd1 Bc4 13. Qd2 Bxe2 14. Qxe2 Rxc3 15. bxc3 Nxe4 16. Qd3 Nef6 17. c4 Qc7 18. Nd2 Rc8 19. a5 Qc6 20. h3 e4 21. Qb3 Ne5 22. Rab1 Rc7 23. Qb6 Qd7 24. Bd4 Qc8 25. Re1 Nfd7 26. Qb2 f5 27. c5 Nxc5 28. Bxe5 dxe5 29. Qxe5 Bf6 30. Qd5+ Kh8 31. Nc4 Na4 32. Nd6 Qd7 33. Rxb7 Rxb7 34. Qxb7 Qxd6 35. Qc8+ Qd8 36. Qxa6 h6 37. Qb5 Nc3 38. Qxf5 Qd2 39. Rf1 Ne2+ 40. Kh1 Nd4 41. Qxe4 Qxa5 42. Qe8+ Kh7 43. Qe4+ Kg8 44. Qd3 Qc5 45. Re1 Nf5 46. Re8+ Kf7 47. Re2 Nd4 48. Re4 Nf5 49. Kg1 Qa5 50. g3 Qa1+ 51. Kg2 Qa8 52. Qf3 Qd5 53. Rf4 Qxf3+ 54. Rxf3 Nd4 55. Rd3 Nxc2 56. Rd2 Nd4 57. f4 Nf5 58. g4 Ne7 59. Kf3 Nc6 60. Rh2 Nd4+ 61. Ke4 Ne6 62. h4 g5 63. hxg5 hxg5 64. f5 Nc5+ 65. Kd5 Nd3 66. Rh7+ Bg7 67. Rh1 Nf2 68. Rg1 Kf6 69. Kd4 Nh3 70. Rg3 Nf4 71. Ke4 Kf7 72. Rb3 Bf6 73. Rb7+ Be7 74. Kf3 Nd5 75. Rb5 Nf6 76. Rb6 Nd7 77. Ra6 Ne5+ 78. Kg3 Bf6 79. Re6 Nd7 80. Kf3 Ne5+ 81. Kg3 Nd7 82. Re4 Be5+ 83. Kf3 Bc7 84. Rc4 Ne5+ 85. Ke4 Nxc4 0-1

[Event "Titled Tuesday 2021.11.16"]
[Site "chess.com INT"]
[Date "2021.11.16"]
[Round "5"]
[White "Brunner, Nicolas"]
[Black "Preotu, Razvan"]
[Result "0-1"]
[WhiteElo "2407"]
[BlackElo "2473"]
[WhiteFideId "-1"]
[WhiteFideId "-1"]
[PlyCount "96"]
[GameId "2130307580972674"]
[EventDate "2021.11.16"]
[EventType "k.o. (blitz)"]
[EventRounds "11"]
[EventCountry "NET"]
[SourceTitle "The Week in Chess 1411"]
[Source "Mark Crowther"]
[SourceDate "2021.11.22"]
[SourceVersion "1"]
[SourceVersionDate "2021.11.22"]
[SourceQuality "2"]

1. d4 Nf6 2. c4 g6 3. Nf3 Bg7 4. Nc3 d5 5. Bg5 Ne4 6. Bh4 Nxc3 7. bxc3 dxc4 8. Qa4+ Qd7 9. Qxc4 b6 10. Qb3 Ba6 11. e3 Bxf1 12. Kxf1 Nc6 13. Ke2 Na5 14. Qb4 c5 15. dxc5 O-O 16. Rhd1 Qc6 17. Bxe7 Rfe8 18. Bd6 Nb7 19. Rab1 Rac8 20. cxb6 Bxc3 21. Qb5 Nxd6 22. Qxc6 Rxc6 23. bxa7 Ra6 24. Rb8 Rxa2+ 25. Kd3 Bg7 26. Rxe8+ Nxe8 27. Ke4 Rxa7 28. Rd8 Kf8 29. Ng5 h6 30. Nh3 Bf6 31. Rc8 Re7+ 32. Kf3 Kg7 33. Nf4 Nd6 34. Rc6 Rd7 35. Nd5 Bd8 36. g4 Ne8 37. Nf4 Nf6 38. h3 Nd5 39. Ne2 Bf6 40. Ra6 Nc3 41. Nf4 Rd2 42. Ra7 Bh4 43. g5 hxg5 44. Ne6+ Kf6 45. Nd4 Rxf2+ 46. Kg4 Ne4 47. Ra6+ Kg7 48. Ra7 Kh6 0-1

[Event "Titled Tuesday 2021.11.16"]
[Site "chess.com INT"]
[Date "2021.11.16"]
[Round "6"]
[White "Preotu, Razvan"]
[Black "Kozak, Antoni"]
[Result "1-0"]
[WhiteElo "2473"]
[BlackElo "2356"]
[WhiteFideId "-1"]
[WhiteFideId "-1"]
[PlyCount "97"]
[GameId "2130307580976858"]
[EventDate "2021.11.16"]
[EventType "k.o. (blitz)"]
[EventRounds "11"]
[EventCountry "NET"]
[SourceTitle "The Week in Chess 1411"]
[Source "Mark Crowther"]
[SourceDate "2021.11.22"]
[SourceVersion "1"]
[SourceVersionDate "2021.11.22"]
[SourceQuality "2"]

1. e4 c6 2. Nc3 d5 3. Nf3 a6 4. d4 Bg4 5. h3 Bxf3 6. Qxf3 e6 7. Bd3 Nf6 8. e5 Nfd7 9. Ne2 c5 10. c3 Nc6 11. O-O Qb6 12. Rd1 Be7 13. Qg4 g6 14. Bh6 c4 15. Bc2 Qxb2 16. Rdc1 Qa3 17. Rcb1 b5 18. Qf3 Bf8 19. Bc1 Qa5 20. a3 Rb8 21. h4 Qd8 22. g3 Bg7 23. Bg5 Qc7 24. h5 h6 25. hxg6 O-O 26. Bxh6 fxg6 27. Qe3 Nb6 28. Bxg6 Bxh6 29. Qxh6 Qg7 30. Qh5 Ne7 31. Bc2 Nf5 32. Nf4 Rbe8 33. Kg2 Qh6 34. Bxf5 Qxh5 35. Bxe6+ Rxe6 36. Nxh5 Na4 37. Rc1 Rh6 38. Nf6+ Kf7 39. f4 Rfh8 40. f5 Rh2+ 41. Kf3 Rd2 42. Rh1 Rd3+ 43. Kf4 Rxh1 44. Rxh1 Nxc3 45. Rh7+ Kf8 46. e6 Ne2+ 47. Ke5 Re3+ 48. Kd6 Nxd4 49. Rf7# 1-0

[Event "Titled Tuesday 2021.11.09"]
[Site "Chess.com INT"]
[Date "2021.11.09"]
[Round "1"]
[White "Ladan, Nicholas John"]
[Black "Preotu, Razvan"]
[Result "0-1"]
[WhiteElo "2024"]
[BlackElo "2473"]
[WhiteFideId "-1"]
[WhiteFideId "-1"]
[PlyCount "128"]
[GameId "1715161305034752"]
[EventDate "2021.11.09"]
[EventType "swiss (blitz)"]
[EventRounds "11"]
[EventCountry "NET"]
[SourceTitle "CBM 205 Extra"]
[Source "ChessBase"]
[SourceDate "2022.01.31"]
[SourceVersion "1"]
[SourceVersionDate "2022.01.31"]
[SourceQuality "1"]

1. d4 Nf6 2. Nf3 g6 3. g3 Bg7 4. Bg2 d5 5. O-O O-O 6. c4 dxc4 7. Nbd2 c3 8. bxc3 c5 9. a4 Nc6 10. e3 Bf5 11. Ba3 cxd4 12. cxd4 Rc8 13. Nc4 Be4 14. Nce5 Nxe5 15. Nxe5 Bxg2 16. Kxg2 Nd5 17. Qf3 Qa5 18. Bc5 Bxe5 19. Qxd5 Bd6 20. Qxb7 Bxc5 21. dxc5 Rc7 22. Qb5 Rxc5 23. Qxa5 Rxa5 24. Rfc1 Rd8 25. Rc7 e6 26. Ra2 Rdd5 27. Kf3 Rf5+ 28. Ke4 h5 29. h4 Kg7 30. Kd3 Rf3 31. Ke2 Rff5 32. Kd3 Rfd5+ 33. Ke2 Rdc5 34. Rxc5 Rxc5 35. Kd3 Kf6 36. Kd4 Rc6 37. a5 Kf5 38. Rb2 Ra6 39. Rb5+ Kg4 40. Ke4 Kh3 41. Ke5 Kg2 42. Kf6 Kxf2 43. Kxf7 Kxe3 44. Kxg6 e5+ 45. Kxh5 e4 46. Kg4 Kf2 47. h5 e3 48. Rf5+ Kg2 49. Re5 Kf2 50. Rf5+ Ke1 51. Re5 e2 52. Kf3 Rf6+ 53. Ke3 Kf1 54. Kd2 Rd6+ 55. Kc3 e1=Q+ 56. Rxe1+ Kxe1 57. g4 Kf2 58. Kc4 Kf3 59. g5 Kg4 60. Kc5 Ra6 61. Kb5 Re6 62. h6 Kxg5 63. h7 a6+ 64. Kc5 Rh6 0-1

[Event "Titled Tuesday 2021.11.09"]
[Site "chess.com INT"]
[Date "2021.11.09"]
[Round "2"]
[White "Preotu, Razvan"]
[Black "Baches Garcia, Guillermo"]
[Result "1-0"]
[WhiteElo "2473"]
[BlackElo "2329"]
[WhiteFideId "-1"]
[WhiteFideId "-1"]
[PlyCount "59"]
[GameId "2130307581167386"]
[EventDate "2021.11.09"]
[EventType "swiss (blitz)"]
[EventRounds "11"]
[EventCountry "NET"]
[SourceTitle "The Week in Chess 1410"]
[Source "Mark Crowther"]
[SourceDate "2021.11.15"]
[SourceVersion "1"]
[SourceVersionDate "2021.11.15"]
[SourceQuality "2"]

1. e4 c5 2. Nf3 d6 3. d4 cxd4 4. Nxd4 Nf6 5. Nc3 Nc6 6. Bg5 g6 7. Bxf6 exf6 8. Bb5 Bd7 9. Qd2 Bg7 10. O-O-O O-O 11. Nb3 f5 12. Qxd6 Be6 13. Bxc6 bxc6 14. Qxd8 Rfxd8 15. Nc5 Bc4 16. exf5 gxf5 17. Nb7 Rxd1+ 18. Rxd1 Bxc3 19. bxc3 Bxa2 20. Na5 Bd5 21. c4 Be6 22. Kb2 Kg7 23. Kc3 Kf6 24. Nxc6 Rc8 25. Na5 f4 26. Rd6 Rg8 27. g3 f3 28. c5 Ke5 29. Nc6+ Ke4 30. Rd4+ 1-0

[Event "Titled Tuesday 2021.11.09"]
[Site "chess.com INT"]
[Date "2021.11.09"]
[Round "5"]
[White "Preotu, Razvan"]
[Black "Gracia Alvarez, Gerardo Antonio"]
[Result "1-0"]
[WhiteElo "2473"]
[BlackElo "2237"]
[WhiteFideId "-1"]
[WhiteFideId "-1"]
[PlyCount "75"]
[GameId "2130307581175771"]
[EventDate "2021.11.09"]
[EventType "swiss (blitz)"]
[EventRounds "11"]
[EventCountry "NET"]
[SourceTitle "The Week in Chess 1410"]
[Source "Mark Crowther"]
[SourceDate "2021.11.15"]
[SourceVersion "1"]
[SourceVersionDate "2021.11.15"]
[SourceQuality "2"]

1. e4 c5 2. Nf3 Nc6 3. Bb5 g6 4. O-O Bg7 5. Re1 Nf6 6. c3 O-O 7. d4 d5 8. e5 Ne4 9. Bxc6 bxc6 10. Be3 Rb8 11. Qc1 Qb6 12. b3 f6 13. dxc5 Qc7 14. exf6 Bxf6 15. Nfd2 Nxd2 16. Nxd2 e5 17. Nf1 Be6 18. Bg5 Bg7 19. Bh6 Rbe8 20. Bxg7 Qxg7 21. Qe3 Bc8 22. Nd2 Rf5 23. b4 Ref8 24. f3 h5 25. a4 h4 26. h3 Qe7 27. Kh1 Rg5 28. Nf1 Re8 29. b5 Bd7 30. b6 a6 31. b7 Rb8 32. Rab1 Rf5 33. Nh2 Be8 34. Ng4 Rxb7 35. Nh6+ Kh7 36. Nxf5 gxf5 37. Rxb7 Qxb7 38. Qxe5 1-0

[Event "Titled Tuesday 2021.10.26"]
[Site "Chess.com INT"]
[Date "2021.10.26"]
[Round "2"]
[White "Preotu, Razvan"]
[Black "Sawyer, Bradley J"]
[Result "1-0"]
[WhiteElo "2475"]
[BlackElo "2172"]
[WhiteFideId "-1"]
[WhiteFideId "-1"]
[PlyCount "51"]
[GameId "1710103063838720"]
[EventDate "2021.10.26"]
[EventType "swiss (blitz)"]
[EventRounds "11"]
[EventCountry "NET"]
[SourceTitle "CBM 204 Extra"]
[Source "ChessBase"]
[SourceDate "2021.11.30"]
[SourceVersion "1"]
[SourceVersionDate "2021.11.30"]
[SourceQuality "1"]

1. e4 c5 2. Nf3 d6 3. d4 cxd4 4. Nxd4 Nf6 5. Nc3 a6 6. Be2 e5 7. Nb3 Be7 8. O-O O-O 9. Be3 Nc6 10. a3 Be6 11. Qd3 Na5 12. Nd2 Rc8 13. Nd5 b5 14. Bb6 Nxd5 15. Bxd8 Nf4 16. Bxe7 Nxd3 17. Bxd3 Rfe8 18. Bxd6 f6 19. Rfc1 Red8 20. Bb4 Nc4 21. Bxc4 bxc4 22. Bc3 Rd7 23. f3 Rcd8 24. Nf1 h5 25. Kf2 Kf7 26. Ne3 1-0

[Event "Titled Tuesday 2021.10.26"]
[Site "Chess.com INT"]
[Date "2021.10.26"]
[Round "5"]
[White "Preotu, Razvan"]
[Black "Chkuaseli, Revaz"]
[Result "1-0"]
[WhiteElo "2475"]
[BlackElo "1860"]
[WhiteFideId "-1"]
[WhiteFideId "-1"]
[PlyCount "45"]
[GameId "1710103066447872"]
[EventDate "2021.10.26"]
[EventType "swiss (blitz)"]
[EventRounds "11"]
[EventCountry "NET"]
[SourceTitle "CBM 204 Extra"]
[Source "ChessBase"]
[SourceDate "2021.11.30"]
[SourceVersion "1"]
[SourceVersionDate "2021.11.30"]
[SourceQuality "1"]

1. e4 c5 2. Nf3 d6 3. d4 cxd4 4. Nxd4 Nf6 5. Nc3 g6 6. Be3 Bg7 7. f3 O-O 8. Qd2 Nc6 9. Bc4 Bd7 10. O-O-O Rb8 11. Bb3 b5 12. Ndxb5 a5 13. a4 Nb4 14. g4 Rc8 15. Kb1 h5 16. e5 Ne8 17. gxh5 Bf5 18. hxg6 Bxg6 19. Rhg1 e6 20. Rxg6 fxg6 21. Bxe6+ Kh7 22. Qg2 Rxc3 23. Qh3+ 1-0

[Event "Titled Tuesday 2021.10.26"]
[Site "Chess.com INT"]
[Date "2021.10.26"]
[Round "8"]
[White "Preotu, Razvan"]
[Black "Markidis, Konstantinos"]
[Result "1-0"]
[WhiteElo "2475"]
[BlackElo "2240"]
[WhiteFideId "-1"]
[WhiteFideId "-1"]
[PlyCount "67"]
[GameId "1710103068958720"]
[EventDate "2021.10.26"]
[EventType "swiss (blitz)"]
[EventRounds "11"]
[EventCountry "NET"]
[SourceTitle "CBM 204 Extra"]
[Source "ChessBase"]
[SourceDate "2021.11.30"]
[SourceVersion "1"]
[SourceVersionDate "2021.11.30"]
[SourceQuality "1"]

1. e4 e6 2. d4 d5 3. Nc3 h6 4. Nf3 Nf6 5. Bd3 Bb4 6. e5 Ne4 7. Bd2 Nxd2 8. Qxd2 c5 9. a3 Qa5 10. O-O Bxc3 11. bxc3 c4 12. Be2 Nd7 13. Nh4 Nb6 14. f4 Na4 15. Rf3 g5 16. fxg5 hxg5 17. Qxg5 Nxc3 18. Rxf7 Nxe2+ 19. Kh1 Qd8 20. Qg6 Qxh4 21. Rh7+ Kd8 22. Rxh4 Rxh4 23. Qf6+ Kc7 24. Qxh4 Bd7 25. Rf1 Nc3 26. Rf7 Ne4 27. Qe7 Rd8 28. h4 a5 29. Kg1 Ng3 30. Qd6+ Kc8 31. Rf8 Ne2+ 32. Kf2 Nxd4 33. Rxd8+ Kxd8 34. Qb6+ 1-0

[Event "Titled Tuesday 2021.10.26"]
[Site "chess.com INT"]
[Date "2021.10.26"]
[Round "1"]
[White "Buscar, Michael"]
[Black "Preotu, Razvan"]
[Result "1-0"]
[WhiteElo "2088"]
[BlackElo "2475"]
[WhiteFideId "-1"]
[WhiteFideId "-1"]
[PlyCount "127"]
[GameId "2130307581637453"]
[EventDate "2021.10.26"]
[EventType "swiss (blitz)"]
[EventRounds "11"]
[EventCountry "NET"]
[SourceTitle "The Week in Chess 1408"]
[Source "Mark Crowther"]
[SourceDate "2021.11.01"]
[SourceVersion "1"]
[SourceVersionDate "2021.11.01"]
[SourceQuality "2"]

1. d4 Nf6 2. Nf3 g6 3. g3 Bg7 4. Bg2 d5 5. O-O O-O 6. c4 dxc4 7. Qc2 b5 8. Ne5 c6 9. Nxc6 Nxc6 10. Bxc6 Bh3 11. Rd1 Rb8 12. Bf4 Rb6 13. Bh1 Nh5 14. Be3 f5 15. d5 Ra6 16. Nc3 f4 17. Bd4 Bxd4 18. Rxd4 Raf6 19. Bf3 fxg3 20. hxg3 Qb6 21. Rad1 Ng7 22. Ne4 Nf5 23. Nxf6+ Rxf6 24. Qe4 Nxd4 25. Rxd4 Bf5 26. Qf4 Bb1 27. Qe5 Qd6 28. Qxd6 exd6 29. a4 a6 30. axb5 axb5 31. Kg2 Rf8 32. Bg4 Kg7 33. Bd7 Rb8 34. e4 Bd3 35. f3 b4 36. Kf2 c3 37. Rxd3 b3 38. Rxc3 Kf6 39. Be6 h5 40. Ke3 Ra8 41. Rxb3 Ra1 42. Rb7 Re1+ 43. Kf2 Rb1 44. b4 g5 45. f4 Rb2+ 46. Kf3 Rb3+ 47. Kg2 Rb2+ 48. Kg1 Rb1+ 49. Kf2 Rb2+ 50. Ke1 h4 51. fxg5+ Kxg5 52. gxh4+ Kf4 53. Kd1 Ke3 54. Kc1 Rh2 55. Rc7 Rxh4 56. b5 Rxe4 57. b6 Rb4 58. b7 Kd4 59. Kc2 Rb5 60. Rh7 Rb6 61. Bc8 Kxd5 62. Rh3 Kc6 63. Rc3+ Kd5 64. Rb3 1-0

[Event "Titled Tuesday 2021.10.26"]
[Site "chess.com INT"]
[Date "2021.10.26"]
[Round "3"]
[White "Brunner, Nicolas"]
[Black "Preotu, Razvan"]
[Result "0-1"]
[WhiteElo "2414"]
[BlackElo "2475"]
[WhiteFideId "-1"]
[WhiteFideId "-1"]
[PlyCount "126"]
[GameId "2130307581645774"]
[EventDate "2021.10.26"]
[EventType "swiss (blitz)"]
[EventRounds "11"]
[EventCountry "NET"]
[SourceTitle "The Week in Chess 1408"]
[Source "Mark Crowther"]
[SourceDate "2021.11.01"]
[SourceVersion "1"]
[SourceVersionDate "2021.11.01"]
[SourceQuality "2"]

1. d4 Nf6 2. c4 g6 3. Nf3 Bg7 4. Nc3 d5 5. Bg5 Ne4 6. Bh4 Nxc3 7. bxc3 dxc4 8. Qa4+ Qd7 9. Qxc4 b6 10. Qb3 Ba6 11. e3 Bxf1 12. Kxf1 c5 13. Ke2 Nc6 14. Rhd1 Na5 15. Qb1 Qa4 16. Kf1 Rc8 17. Qe4 e6 18. Ne5 O-O 19. Kg1 Nc4 20. Nxc4 Qxc4 21. Qd3 Qa4 22. h3 Rc7 23. Bg3 Rd7 24. Qe2 Rc8 25. Rac1 h5 26. Bf4 Bf6 27. Qf3 Qxa2 28. Ra1 Qd5 29. e4 Qc4 30. e5 Bg7 31. Qe3 Qb3 32. Rab1 Qa3 33. Ra1 Qb3 34. Rab1 Qc4 35. dxc5 Rxd1+ 36. Rxd1 Qxc5 37. Qxc5 Rxc5 38. Rd7 a5 39. Rb7 Rc6 40. Rb8+ Kh7 41. Rb7 g5 42. Bxg5 Bxe5 43. Bh4 Kg6 44. g4 hxg4 45. hxg4 Bxc3 46. Kg2 a4 47. f4 a3 48. Ra7 Ba5 49. f5+ exf5 50. gxf5+ Kxf5 51. Rxf7+ Ke4 52. Rf1 Rg6+ 53. Kh3 Kd3 54. Ra1 Bb4 55. Rb1 Kc4 56. Rc1+ Kb3 57. Rb1+ Ka4 58. Bf2 a2 59. Ra1 Kb3 60. Bd4 Rd6 61. Be5 Re6 62. Bg7 Re1 63. Rxe1 Bxe1 0-1

[Event "Titled Tuesday 2021.10.26"]
[Site "chess.com INT"]
[Date "2021.10.26"]
[Round "4"]
[White "Preotu, Razvan"]
[Black "Bilan, Danila"]
[Result "1-0"]
[WhiteElo "2475"]
[BlackElo "2303"]
[WhiteFideId "-1"]
[WhiteFideId "-1"]
[PlyCount "93"]
[GameId "2130307581649969"]
[EventDate "2021.10.26"]
[EventType "swiss (blitz)"]
[EventRounds "11"]
[EventCountry "NET"]
[SourceTitle "The Week in Chess 1408"]
[Source "Mark Crowther"]
[SourceDate "2021.11.01"]
[SourceVersion "1"]
[SourceVersionDate "2021.11.01"]
[SourceQuality "2"]

1. e4 c6 2. Nc3 d5 3. Nf3 Bg4 4. h3 Bxf3 5. Qxf3 e6 6. Be2 Nd7 7. d4 dxe4 8. Nxe4 Ngf6 9. c3 Be7 10. O-O O-O 11. Rd1 Nxe4 12. Qxe4 Qc7 13. Bd3 Nf6 14. Qh4 g6 15. Bh6 Rfe8 16. Qf4 Qxf4 17. Bxf4 c5 18. dxc5 Bxc5 19. Bb5 Red8 20. Kf1 a6 21. Be2 Nd5 22. Be5 f6 23. Bg3 Rac8 24. Bf3 b5 25. a4 b4 26. c4 Nb6 27. Bb7 Rxd1+ 28. Rxd1 Rf8 29. b3 a5 30. Ke2 Kf7 31. Bd6 Bxd6 32. Rxd6 Nc8 33. Ra6 Ne7 34. Rxa5 Nf5 35. Rb5 Nd4+ 36. Ke3 Nxb5 37. cxb5 Ke7 38. a5 Kd6 39. Kd4 Kc7 40. Bf3 Rd8+ 41. Kc5 e5 42. b6+ Kd7 43. a6 f5 44. Bc6+ Ke6 45. a7 e4 46. b7 f4 47. b8=Q 1-0

[Event "Titled Tuesday 2021.10.26"]
[Site "chess.com INT"]
[Date "2021.10.26"]
[Round "7"]
[White "Preotu, Razvan"]
[Black "Silvestre, Christian"]
[Result "1/2-1/2"]
[WhiteElo "2475"]
[BlackElo "1942"]
[WhiteFideId "-1"]
[WhiteFideId "-1"]
[PlyCount "159"]
[GameId "2130307581658334"]
[EventDate "2021.10.26"]
[EventType "swiss (blitz)"]
[EventRounds "11"]
[EventCountry "NET"]
[SourceTitle "The Week in Chess 1408"]
[Source "Mark Crowther"]
[SourceDate "2021.11.01"]
[SourceVersion "1"]
[SourceVersionDate "2021.11.01"]
[SourceQuality "2"]

1. e4 c6 2. Nc3 d5 3. Nf3 a6 4. d4 Bg4 5. h3 Bh5 6. exd5 cxd5 7. g4 Bg6 8. h4 h6 9. Ne5 Bh7 10. Qf3 f6 11. Nd3 e6 12. Nf4 Qd7 13. g5 Bf5 14. Qh5+ Qf7 15. g6 Qd7 16. Bh3 Bxh3 17. Rxh3 Nc6 18. Nxe6 Qxe6+ 19. Re3 Ne5 20. dxe5 d4 21. Re2 O-O-O 22. exf6 Qh3 23. fxg7 Qh1+ 24. Kd2 dxc3+ 25. Kxc3 Bxg7+ 26. Kb3 Qd5+ 27. Qxd5 Rxd5 28. Bf4 Nf6 29. Re7 Rd7 30. Rae1 Nd5 31. Rxg7 Nxf4 32. Rxd7 Kxd7 33. g7 Rg8 34. Rg1 Ne6 35. Rg6 h5 36. Rh6 Rxg7 37. Rxh5 Rg2 38. c3 Rxf2 39. Rh7+ Kc6 40. a4 Rh2 41. Ka3 Nc5 42. Rh6+ Kc7 43. b4 Ne4 44. Kb3 Rh3 45. Kc4 Nxc3 46. Rh7+ Kb8 47. a5 Nb5 48. h5 Rh4+ 49. Kc5 Ka7 50. h6 Rh5+ 51. Kc4 Nd6+ 52. Kd4 Nf5+ 53. Kc4 Rxh6 54. Rf7 Rh4+ 55. Kc5 Rh5 56. Rf8 Ne7+ 57. Kc4 Nc6 58. Rf4 Re5 59. Rg4 Rb5 60. Kc3 Nxa5 61. bxa5 Rxa5 62. Rg6 Rd5 63. Kc4 Rd7 64. Kc5 Rc7+ 65. Kb4 Rc6 66. Rg5 Kb6 67. Rf5 Re6 68. Rf4 Re5 69. Rd4 Re6 70. Rd5 Re4+ 71. Kb3 a5 72. Rf5 Ka6 73. Rd5 b6 74. Rg5 Re6 75. Rh5 Rc6 76. Ka4 Rc5 77. Rh6 Rc4+ 78. Kb3 Kb5 79. Rxb6+ Kxb6 80. Kxc4 1/2-1/2

[Event "Titled Tuesday 2021.10.26"]
[Site "chess.com INT"]
[Date "2021.10.26"]
[Round "10"]
[White "Preotu, Razvan"]
[Black "Do Valle Cardoso, Lucas"]
[Result "1-0"]
[WhiteElo "2475"]
[BlackElo "2285"]
[WhiteFideId "-1"]
[WhiteFideId "-1"]
[PlyCount "63"]
[GameId "2130307581662562"]
[EventDate "2021.10.26"]
[EventType "swiss (blitz)"]
[EventRounds "11"]
[EventCountry "NET"]
[SourceTitle "The Week in Chess 1408"]
[Source "Mark Crowther"]
[SourceDate "2021.11.01"]
[SourceVersion "1"]
[SourceVersionDate "2021.11.01"]
[SourceQuality "2"]

1. e4 e5 2. Nf3 Nc6 3. Bc4 Nf6 4. d3 Bc5 5. c3 d6 6. O-O a6 7. a4 h6 8. Re1 Ba7 9. Nbd2 g5 10. b4 g4 11. Nh4 Nxe4 12. Nxe4 Qxh4 13. d4 f5 14. Ng3 f4 15. Bxf4 Rf8 16. Be3 Bd7 17. b5 Na5 18. Bd3 O-O-O 19. bxa6 Bc6 20. d5 Bxe3 21. Rxe3 Be8 22. a7 Kd7 23. Nf5 Qg5 24. Bb5+ c6 25. dxc6+ Kc7 26. a8=Q Nxc6 27. Bxc6 Bxc6 28. Qa5+ b6 29. Qa7+ Bb7 30. Qd5 Rb8 31. Qxd6+ Kc8 32. Qaxb8# 1-0

[Event "Speed Chess GP1"]
[Site "Chess.com INT"]
[Date "2021.09.18"]
[Round "2"]
[White "Preotu, Razvan"]
[Black "Matlakov, Maxim"]
[Result "1/2-1/2"]
[WhiteElo "2485"]
[BlackElo "2683"]
[WhiteFideId "-1"]
[WhiteFideId "-1"]
[PlyCount "127"]
[GameId "1694855258300416"]
[EventDate "2021.09.18"]
[EventType "swiss (blitz)"]
[EventRounds "10"]
[EventCountry "USA"]
[SourceTitle "CBM 204 Extra"]
[Source "ChessBase"]
[SourceDate "2021.11.30"]
[SourceVersion "1"]
[SourceVersionDate "2021.11.30"]
[SourceQuality "1"]

1. e4 c6 2. Nc3 d5 3. Nf3 dxe4 4. Nxe4 Nf6 5. Qe2 Bf5 6. Nxf6+ gxf6 7. d3 Nd7 8. g3 Ne5 9. Nxe5 Qa5+ 10. Bd2 Qxe5 11. Qxe5 fxe5 12. Bg2 f6 13. O-O Kf7 14. f4 exf4 15. Bxf4 h5 16. b4 a6 17. a4 Bg7 18. b5 axb5 19. axb5 cxb5 20. Bxb7 Rxa1 21. Rxa1 Kg6 22. Rb1 Bd7 23. Bc7 Bh6 24. Ba6 Ra8 25. Bxb5 Bxb5 26. Rxb5 Ra2 27. c4 Be3+ 28. Kh1 e5 29. Bb6 Bxb6 30. Rxb6 Kf5 31. h3 Rc2 32. Rd6 Kg5 33. Kg1 f5 34. Kf1 h4 35. gxh4+ Kxh4 36. Rf6 f4 37. d4 Kg3 38. dxe5 Rxc4 39. e6 Re4 40. h4 Kxh4 41. Kf2 Kg4 42. Rh6 Kg5 43. Rh8 Rxe6 44. Rg8+ Kf5 45. Rf8+ Ke4 46. Ra8 Rd6 47. Ra4+ Kf5 48. Ra3 Kg4 49. Rb3 Rd2+ 50. Kf1 Rc2 51. Ra3 Rh2 52. Rb3 Ra2 53. Rc3 Ra1+ 54. Kf2 Rh1 55. Kg2 Re1 56. Kf2 Rb1 57. Ra3 Rb2+ 58. Kf1 Rd2 59. Rc3 Kf5 60. Ra3 Ke4 61. Rb3 Rd3 62. Rxd3 Kxd3 63. Kf2 f3 64. Kxf3 1/2-1/2

[Event "Speed Chess GP1"]
[Site "Chess.com INT"]
[Date "2021.09.18"]
[Round "3"]
[White "Preotu, Razvan"]
[Black "Le, Tuan Minh"]
[Result "0-1"]
[WhiteElo "2485"]
[BlackElo "2514"]
[WhiteFideId "-1"]
[WhiteFideId "-1"]
[PlyCount "82"]
[GameId "1694855258488832"]
[EventDate "2021.09.18"]
[EventType "swiss (blitz)"]
[EventRounds "10"]
[EventCountry "USA"]
[SourceTitle "CBM 204 Extra"]
[Source "ChessBase"]
[SourceDate "2021.11.30"]
[SourceVersion "1"]
[SourceVersionDate "2021.11.30"]
[SourceQuality "1"]

1. e4 c5 2. Nf3 Nf6 3. e5 Nd5 4. Nc3 e6 5. Ne4 f5 6. Nc3 Ne7 7. Nb5 Ng6 8. h4 Nc6 9. Nd6+ Bxd6 10. exd6 O-O 11. h5 Nh8 12. d4 cxd4 13. Nxd4 Nf7 14. Nb5 Qf6 15. Be2 a6 16. Nc7 Rb8 17. c4 b6 18. Rh3 Bb7 19. Bd2 Nxd6 20. Bc3 Qe7 21. Rg3 Rf7 22. h6 g6 23. c5 bxc5 24. Nxa6 Bxa6 25. Bxa6 Ne4 26. Qd3 Qh4 27. O-O-O Nxf2 28. Qf3 Nxd1 29. Kxd1 Nd4 30. Qd3 Qh1+ 31. Be1 Qh5+ 32. Kc1 Qxh6+ 33. Kb1 d5 34. a4 Ra7 35. Bb5 Qf4 36. Re3 Nxb5 37. axb5 Qa4 38. Rxe6 Qxb5 39. Qc3 d4 40. Qc2 Qa4 41. Qe2 Qa1+ 0-1